| 000 | 00867nam a2200277 i 4500 | ||
|---|---|---|---|
| 003 | DO-SdBPM | ||
| 005 | 20250728100608.0 | ||
| 007 | ta | ||
| 008 | 240209b1976 cl ||||| |||| 00| 0 spa d | ||
| 040 |
_aDO-SdBPM _bspa _cBPMSU _erda |
||
| 082 | 4 |
_a625.7 _bH894p 1976 _222 |
|
| 100 | 1 |
_a Hugn Jones, John _eautor |
|
| 245 | 1 | 0 |
_aProyecto geométrico de carreteras modenas / _cJohn Hugh Jones _b |
| 250 | _a3a. ed | ||
| 264 |
_aColombia : _bCompaía Editorial Continental _c1976 |
||
| 300 |
_a280 páginas ; _c23 cm. _b |
||
| 336 |
_atexto _btxt _2rdacontent |
||
| 337 |
_asin mediación _bn _2rdamedia |
||
| 338 |
_avolumen _bnc _2rdacarrier |
||
| 500 | _aIncluye índice | ||
| 590 | _aInventariado, 2025/VM | ||
| 650 | 7 |
_aConstrucción de carreteras. _2 |
|
| 650 | 7 | _aIngeniería de carreteras | |
| 910 | _aVMateo V. Control de calidad. BPMSU | ||
| 942 |
_2ddc _cBK |
||
| 999 |
_c15276 _d15276 |
||